000
00194 a2200097 4500
001
976
100
_a
Taylor,D/
245
_a
Principles of Radar
260
_a
_b
Cambridge
_c
090
_c
559
_d
559
942
_a
NUST-CAE
_c
M
_c
32033
999
_c
236049
_d
236049